000 00799nam a2200265 i 4500
001 42575
003 ES-MaACL
005 20250814063214.0
007 t|
008 030407s2002 sp ||||0| spa j
020 _a84-8310-200-5
040 _aM-BN
_bspa
_cM-BN
080 _a821.133.1(493)-31"19"
100 1 _aSimenon, Georges,
_d1903-1989
_9106467
245 1 4 _aLas señoritas de Concarneau /
_cGeorges Simenon ; traducción de Javier Albiñana.
250 _a1ª ed.
260 _aBarcelona :
_bTusquets,
_c2002.
300 _a169 p. ;
_c21 cm.
490 1 _aColección Andanzas ;
_v471
700 1 _aAlbiñana, Javier.
_919383
830 0 0 _aColección Andanzas
_v471
_9234359
852 _aES-MaACL
_jL-26210
_bR.131720
999 _c42575
_d42575